Best AFL games of all time - Statistics

General Stats
  • This quiz has been taken 8 times
  • The average score is 24 of 25
Answer Stats
Rank When Where Loser Winner Margin % Correct
17 EF 2022 GABBA Richmond (A) Brisbane 106-104
100%
24 SF 2024 GIANTS Stadium GWS (H) Brisbane 100-105
100%
14 SF 2023 MCG Melbourne (H) Carlton 71-73
100%
4 GF 2023 MCG Brisbane (A) Collingwood 90-86
100%
10 GF 2009 MCG St Kilda (A) Geelong 80-68
100%
13 GF 2011 MCG Collingwood (A) Geelong 119-81
100%
18 QF 2022 MCG Collingwood (A) Geelong 78-72
100%
16 PF 2019 MCG Collingwood (H) GWS 52-56
100%
5 PF 2013 MCG Geelong (A) Hawthorn 102-97
100%
12 PF 2014 MCG Port Adelaide (A) Hawthorn 97-94
100%
25 SF 2024 Adelaide Oval Hawthorn (A) Port Adelaide 75-72
100%
6 R16 2009 Marvel Stadium Geelong (A) St Kilda 91-85
100%
3 GF 2010 MCG Draw St Kilda / Collingwood 68-68
100%
7 GF 2012 MCG Hawthorn (A) Sydney 92-82
100%
8 GF 2005 MCG West Coast (A) Sydney 58-54
100%
1 GF 2018 MCG Collingwood (A) West Coast 79-74
100%
9 GF 2006 MCG Sydney (A) West Coast 85-84
100%
2 PF 2016 GIANTS Stadium GWS (H) Western Bulldogs 83-89
100%
19 GF 2016 MCG Sydney (H) Western Bulldogs 67-89
100%
11 PF 1997 MCG Western Bulldogs (H) Adelaide 93-91
86%
20 EF 2015 MCG Western Bulldogs (H) Adelaide 102-109
86%
15 QF 1990 Waverley Park Draw Collingwood / West Coast 90-90
86%
21 EF 2017 Adelaide Oval Port Adelaide (H) West Coast 76-78
86%
22 EF 2025 OPTUS Stadium Fremantle (H) Gold Coast 79-80
71%
23 PF 1996 SCG Essendon (A) Sydney 70-69
71%
No matching quizzes found
Score Distribution
Percent of People with Each Score
Percentile by Number Answered
Your Score History
You have not taken this quiz